| 000 | 00634nam a2200217 a 4500 | ||
|---|---|---|---|
| 999 |
_c2053 _d2053 |
||
| 007 | ta | ||
| 008 | 200131r2012 xxuad||g |||| 001 0 eng d | ||
| 020 |
_a9781610910378 _c$. 22.00 |
||
| 040 |
_aKO _beng |
||
| 041 | 0 | _aeng | |
| 044 | _aii | ||
| 082 | 0 | 4 |
_223 _a330.904 _bW89395 |
| 245 | 1 | 0 |
_astate of the world 2012 : _bMoving Toward Sustainable Prosperity / _cThe Worldwatch institute |
| 260 |
_aWashington , D. C. : _bIslandpress, _c2012. |
||
| 300 |
_axxviii , 241 p. : _bCol.ill., Charts. ; _c24 cm |
||
| 504 | _aIncludes Index. | ||
| 650 | 0 |
_aSustainable development _vTextbooks |
|
| 904 | _aReshma_R | ||
| 942 | _cBK | ||